00481nam a22001577a 450000500170000001000150001702000260003203500140005803700130007208200110008510000230009624500840011926000430020327000540024630000230030020150922123227.0 aENG-113720 a9788170546917c700.00 aEN- 97252 bDBAD/PUB a302.23 aChoudhary, Pramila aMedia and society :cby Pramila Choudharybissues perspectives and challenges / aNew DelhibClassical Publishing c2014 a28, Shopping Centre, KarampurabNew Delhie110015 axv,254p.c22cm(Hb)